000 01037nam a2200277 4500
001 314229
003 NUST - PNEC
005 20170116181058.0
008 690828r19691946dcua b 001 0 eng
010 _a 73601018
040 _aDLC
_cLIBRARY
_dDLC
050 0 0 _aVM480
_b.U53
082 0 0 _a623.8938
110 1 _aUnited States.
_bOffice of Scientific Research and Development.
_bNational Defense Research Committee.
245 1 0 _aPrinciples and applications of underwater sound.
260 _aWashington,
_bDept. of the Navy, Headquarters Naval Material Command; [for sale by the Supt. of Docs., U.S. Govt. Print. Off.]
_c1968 [i.e. 1969]
300 _axi, 295 p.
_billus.
_c27 cm.
350 _a4.75
500 _a"NAVMAT P-9674."
500 _a"Originally issued as Summary technical report of Division 6, NDRC, volume 7, Washington, D.C., 1946."
504 _aBibliography: p. 281-285.
650 0 _aSonar.
650 0 _aUnderwater acoustics.
906 _a7
_bcbc
_corignew
_du
_encip
_f19
_gy-gencatlg
942 _2ddc
_cBK
999 _c68655
_d68655